[Event "AUTO-OPEN-2101"]
[Site "http://www.queenalice.com/game.php?id=832379"]
[Date "2010.9.13"]
[Round "1"]
[White "Romerflu"]
[Black "phako"]
[Result "0-1"]
[WhiteElo "1358"]
[BlackElo "1780"]

1. e4 e5 2. Bc4 Nf6 3. d3 Bb4+ 4. c3 Ba5 5. b4 Bb6 6. Nf3 d6 7. h3 a6 8. Ng5 O-O
9. O-O d5 10. exd5 h6 11. Ne4 Nxd5 12. Nbd2 Nc6 13. Ba3 f5 14. Ng3 f4 15. Nge4
Bf5 16. b5 axb5 17. Bxf8 Kxf8 18. Bxd5 Qxd5 19. Re1 Na5 20. Rb1 Bxe4 21. Nxe4
Rd8 22. Kf1 Ba7 23. h4 c6 24. g4 Kg8 25. g5 hxg5 26. h5 g4 27. Ng5 Qxa2 28. Qxg4
Qxf2# 0-1

[Event "Challenge"]
[Site "http://www.queenalice.com/game.php?id=833903"]
[Date "2010.9.17"]
[Round "-"]
[White "phako"]
[Black "melo41"]
[Result "1-0"]
[WhiteElo "1851"]
[BlackElo "1777"]

1. e4 c6 2. Bd3 d5 3. f3 dxe4 4. fxe4 e5 5. Nf3 Bd6 6. Nc3 Nf6 7. h3 O-O 8. Bc4
Re8 9. Ng5 h6 10. Nxf7 Qe7 11. Nxd6+ Be6 12. Bxe6+ Qxe6 13. Nxe8 Qxe8 14. d3
Nbd7 15. Qf3 Qg6 16. O-O Rf8 17. Bd2 Nd5 18. Qe2 Nxc3 19. Bxc3 Re8 20. Qf2 Rf8
21. Qxa7 Rf6 22. Rxf6 Qxf6 23. Rf1 Qd6 24. Qxb7 1-0

[Event "Challenge"]
[Site "http://www.queenalice.com/game.php?id=841154"]
[Date "2010.10.3"]
[Round "-"]
[White "Nyvang"]
[Black "phako"]
[Result "1-0"]
[WhiteElo "1781"]
[BlackElo "1847"]

1. d4 d5 2. Nc3 Nf6 3. h3 Nc6 4. Bf4 e6 5. Nb5 Bd6 6. Bxd6 cxd6 7. e3 O-O 8. Nf3
a6 9. Nc3 e5 10. Qe2 e4 11. Ne5 dxe5 12. dxe5 Nxe5 13. O-O-O Qb6 14. Nxd5 Nxd5
15. Rxd5 f6 16. Rd4 Be6 17. Kb1 Rad8 18. Qe1 Rxd4 19. exd4 Nc6 20. Qxe4 Bf7 21.
Bd3 Bg6 22. Qe6+ Kh8 23. Bxg6 hxg6 24. d5 Qxf2 25. dxc6 bxc6 26. Qe7 Kg8 27. Qe4
c5 28. a3 f5 29. Qe6+ Kh7 30. g4 f4 31. h4 f3 32. h5 g5 33. Qg6+ Kg8 34. h6 Rf6
35. Qxg7# 1-0

[Event "white"]
[Site "http://www.queenalice.com/game.php?id=844366"]
[Date "2010.10.11"]
[Round "-"]
[White "paloberto"]
[Black "phako"]
[Result "1-0"]
[WhiteElo "2039"]
[BlackElo "1780"]

1. d4 d5 2. c4 Nf6 3. Nf3 dxc4 4. e3 Be6 5. Nc3 c6 6. Ng5 b5 7. Nxe6 fxe6 8. a4
b4 9. Na2 Qd6 10. Bxc4 e5 11. dxe5 Qxe5 12. Nxb4 e6 13. Nd3 Qe4 14. Bb3 Qxg2 15.
Ke2 Ne4 16. Qg1 Qh3 17. f3 Ng5 18. Qxg5 Nd7 19. Qg3 Qh5 20. Bxe6 a5 21. Bxd7+
Kxd7 22. Ne5+ Kc8 23. Nxc6 Qd5 24. Nd4 Kb7 25. Rd1 Rd8 26. b3 g6 27. Bb2 Bd6 28.
Qh4 Qe5 29. f4 Qe4 30. Qg5 Bb4 31. Qb5+ Kc8 32. Rac1+ 1-0

[Event "The Blues"]
[Site "http://www.queenalice.com/game.php?id=845402"]
[Date "2010.10.14"]
[Round "-"]
[White "phako"]
[Black "bobifixer"]
[Result "1/2-1/2"]
[WhiteElo "1730"]
[BlackElo "1948"]

1. e4 c5 2. d3 Nc6 3. Be3 d6 4. Nc3 Nf6 5. Qf3 e6 6. Nh3 Ne5 7. Qe2 Be7 8. O-O-O
a6 9. d4 cxd4 10. Bxd4 Nc6 11. Be3 O-O 12. Qf3 e5 13. Bc4 Bg4 14. Qg3 Bxd1 15.
Rxd1 Kh8 16. f4 Nh5 17. Qf2 Nxf4 18. Nxf4 exf4 19. Bxf4 Qa5 20. Nd5 Rae8 21.
Nxe7 Nxe7 22. Bxd6 Qg5+ 23. Kb1 f5 24. e5 b5 25. Bd5 h5 26. g3 Kh7 27. b3 Nxd5
28. Rxd5 Rg8 29. c4 bxc4 30. bxc4 Qg6 31. Kb2 Qe6 32. Qf4 g5 33. Qd4 Qc8 34. Kc3
Qb7 35. c5 Qb1 36. a4 Rg7 37. Qd2 Qa1+ 38. Qb2 Qxa4 39. Rd4 Qa5+ 40. Qb4 Qa1+
41. Qb2 Qe1+ 42. Qd2 Qa1+ 43. Qb2 Qe1+ 44. Qd2 Qa1+ 1/2-1/2

[Event "Challenge"]
[Site "http://www.queenalice.com/game.php?id=858933"]
[Date "2010.11.14"]
[Round "-"]
[White "Andrei_78"]
[Black "phako"]
[Result "1-0"]
[WhiteElo "1622"]
[BlackElo "1729"]

1. e4 e5 2. Nf3 d6 3. Bc4 Nf6 4. d3 Be7 5. Ng5 d5 6. exd5 Nxd5 7. O-O O-O 8. Qf3
Bxg5 9. Bxd5 Bxc1 10. Rxc1 c6 11. Bc4 Qh4 12. Nd2 Bg4 13. Qe3 Nd7 14. Qg3 Qxg3
15. hxg3 b5 16. Bb3 Nc5 17. f3 Be6 18. Bxe6 Nxe6 19. c3 Rad8 20. Re1 f6 21. d4
Rfe8 22. Rad1 Rd5 23. dxe5 fxe5 24. c4 Nd4 25. cxd5 cxd5 26. Rc1 Nf5 27. f4 e4
28. Nf1 d4 29. Rc5 Nd6 30. Nd2 e3 31. Nf3 d3 32. Rd5 d2 33. Nxd2 exd2 34. Rxe8+
Nxe8 35. Rxd2 Nf6 36. Rd8+ Kf7 37. Ra8 Kg6 38. Rxa7 Ne4 39. Ra6+ Kf7 40. Rb6
Nxg3 41. Rxb5 Ne2+ 42. Kf2 Nxf4 43. Rf5+ 1-0

[Event "November07"]
[Site "http://www.queenalice.com/game.php?id=859409"]
[Date "2010.11.16"]
[Round "-"]
[White "phako"]
[Black "Slava"]
[Result "0-1"]
[WhiteElo "1767"]
[BlackElo "1760"]

1. e4 e5 2. Nf3 Nc6 3. d4 exd4 4. Nxd4 Qf6 5. c3 Bc5 6. Be3 b6 7. Bc4 Bb7 8. O-O
Qg6 9. Qf3 Ne5 10. Qh3 Nxc4 11. b4 Nxe3 12. fxe3 Qxe4 13. bxc5 bxc5 14. Nb5
O-O-O 15. Rxf7 a6 16. N5a3 Nf6 17. Rxg7 Rhg8 18. Rxg8 Rxg8 19. g3 Ng4 20. Kf1
Qxe3 21. Qxg4 Rxg4 0-1

[Event "Challenge"]
[Site "http://www.queenalice.com/game.php?id=860777"]
[Date "2010.11.19"]
[Round "-"]
[White "AlmeidaChess"]
[Black "phako"]
[Result "0-1"]
[WhiteElo "1809"]
[BlackElo "1770"]

1. e4 e5 2. Nf3 d6 3. d4 f6 4. dxe5 fxe5 5. Bc4 Nf6 6. Bg5 h6 7. Bxf6 Qxf6 8.
Nc3 c6 9. h3 b5 10. Bb3 a5 11. a4 b4 12. Ne2 c5 13. Qd5 Ra7 14. O-O Bb7 15. Qd3
Nc6 16. Bd5 Be7 17. Nd2 Qg6 18. f4 Rf8 19. fxe5 Nxe5 20. Qb5+ Nd7 21. Bxb7 Rxf1+
22. Rxf1 d5 23. Bxd5 Qa6 24. Bc6 Qxb5 25. Bxb5 Kd8 26. Bxd7 Rxd7 27. Nb3 Ra7 28.
c4 bxc3 29. Nxc3 c4 30. Nd2 Rc7 31. Rd1 Ke8 32. Nd5 Bc5+ 33. Kh1 Rb7 34. Nxc4 h5
35. Nf4 h4 36. Nd6+ Bxd6 37. Rxd6 Rxb2 38. Ng6 Ra2 39. Rd4 Kf7 40. Nxh4 Ra3 41.
e5 Ke6 42. Ng6 Rg3 43. Rd6+ Kf7 44. Nf4 Ra3 45. Rd4 Re3 0-1

[Event "Challenge"]
[Site "http://www.queenalice.com/game.php?id=861493"]
[Date "2010.11.20"]
[Round "-"]
[White "Andrei_78"]
[Black "phako"]
[Result "1-0"]
[WhiteElo "1608"]
[BlackElo "1719"]

1. e4 e5 2. Nf3 d6 3. Bb5+ c6 4. Be2 Nf6 5. Nc3 c5 6. Bb5+ Bd7 7. h3 a6 8. Bc4
Bc6 9. Ng5 d5 10. exd5 Nxd5 11. Qf3 f6 12. Bxd5 Bxd5 13. Qxd5 Qxd5 14. Nxd5 Bd6
15. Ne6 Kd7 16. Nxg7 Kc6 17. Nxf6 Nd7 18. Nxd7 Kxd7 19. O-O Raf8 20. d3 h6 21.
Nh5 Kc6 22. Ng7 Rf6 23. Nh5 Rg6 24. Be3 Rf8 25. c4 Be7 26. Rae1 b5 27. Ng3 Bh4
28. Ne4 Be7 29. a3 bxc4 30. dxc4 a5 31. Rd1 a4 32. Nc3 Ra8 33. Rd5 Re6 34. Ne4
Rb8 35. Bxc5 Rxb2 36. Bxe7 Rxe7 37. Rc5+ Kb6 38. Rd5 Rb3 39. Rd6+ Kc7 40. Ra1 h5
41. Ra6 Kb8 42. Rxa4 Ra7 43. Rxa7 Kxa7 44. Nc5 Rc3 45. Nd7 Rxc4 46. Nxe5 Rc7 47.
f4 Rf7 48. Nxf7 1-0

[Event "Challenge"]
[Site "http://www.queenalice.com/game.php?id=862202"]
[Date "2010.11.22"]
[Round "-"]
[White "tatianamilu"]
[Black "phako"]
[Result "1-0"]
[WhiteElo "1783"]
[BlackElo "1757"]

1. d4 b6 2. Nf3 d6 3. e3 Nf6 4. Nbd2 Be6 5. Bd3 d5 6. c3 Bg4 7. h3 Bxf3 8. Qxf3
e6 9. e4 dxe4 10. Nxe4 c6 11. Bg5 Nbd7 12. O-O h6 13. Nxf6+ gxf6 14. Bh4 Be7 15.
Qxc6 Rc8 16. Qb5 O-O 17. Qh5 f5 18. Bxe7 Qxe7 19. Qxh6 Qf6 20. Qxf6 Nxf6 21.
Rae1 Nd5 22. a3 Nf4 23. Bb1 f6 24. Re3 Rc4 25. Rfe1 a5 26. Ba2 Rc6 27. Rf3 Ng6
28. Bxe6+ Kh8 29. Bxf5 Nh4 30. Rf4 Nxf5 31. Rxf5 Kg7 32. Rf3 b5 33. Rf5 Rb6 34.
b4 a4 35. Re3 Kf7 36. g4 Kg6 37. Kg2 Rh8 38. f4 Rd6 39. Rxb5 Ra6 40. Kg3 Ra7 41.
h4 Ra6 42. h5+ Kh6 43. Kf3 Rg8 44. Rb7 Raa8 45. Rc7 Rgf8 46. Ree7 Rh8 47. d5
Rad8 48. c4 Rh7 49. Rxh7# 1-0

[Event "Challenge"]
[Site "http://www.queenalice.com/game.php?id=864531"]
[Date "2010.11.27"]
[Round "-"]
[White "tucuman"]
[Black "phako"]
[Result "0-1"]
[WhiteElo "1638"]
[BlackElo "1734"]

1. e4 e5 2. c4 Bc5 3. d3 Nc6 4. Nc3 Nf6 5. h3 O-O 6. a3 d6 7. Bg5 Nd4 8. Nd5 Kh8
9. Nxf6 gxf6 10. Bd2 f5 11. b4 Bb6 12. Nf3 c6 13. Nxd4 Bxd4 14. Rb1 f4 15. Be2
Rg8 16. g4 fxg3 17. f3 g2 18. Rh2 Qh4# 0-1

[Event "Challenge"]
[Site "http://www.queenalice.com/game.php?id=864785"]
[Date "2010.11.28"]
[Round "-"]
[White "thiagobrumchess"]
[Black "phako"]
[Result "0-1"]
[WhiteElo "1699"]
[BlackElo "1692"]

1. e4 e5 2. Nf3 d6 3. Bc4 Nf6 4. Nc3 c6 5. Bb3 Bg4 6. O-O a6 7. d3 Bxf3 8. Qxf3
Qd7 9. Bg5 h6 10. Bxf6 gxf6 11. Qxf6 Bg7 12. Qf3 O-O 13. Rfe1 Kh8 14. Ne2 a5 15.
c4 c5 16. Ng3 Nc6 17. Nf5 Rg8 18. Ba4 Qe6 19. Bxc6 bxc6 20. Reb1 Qf6 21. a3 Qg5
22. Qe2 h5 23. Nxd6 Raf8 24. Nb7 a4 25. Nxc5 Ra8 26. b3 Bf8 27. Qf3 Bxc5 28. b4
Bd4 29. Ra2 h4 30. b5 Rab8 31. g3 hxg3 32. hxg3 Qxg3+ 33. Qxg3 Rxg3+ 34. Kh2 Rg6
35. Rg1 Rh6+ 36. Kg2 Rg8+ 37. Kf1 Rxg1+ 38. Kxg1 cxb5 39. cxb5 Rb6 40. Ra1 Bxa1
41. Kg2 Rxb5 42. Kf3 Rb3 43. Kg4 Rxa3 44. Kf5 Rxd3 45. f4 a3 46. fxe5 a2 47. Kf6
Bd4 48. Kxf7 a1=Q 49. e6 Bc5 50. e7 Bxe7 51. Kxe7 Qe5+ 52. Kf7 Rf3+ 53. Kg6 Qg7+
54. Kh5 Rh3# 0-1

[Event "Challenge"]
[Site "http://www.queenalice.com/game.php?id=865100"]
[Date "2010.11.28"]
[Round "-"]
[White "carlospianist"]
[Black "phako"]
[Result "1-0"]
[WhiteElo "1894"]
[BlackElo "1745"]

1. d4 d5 2. c4 b6 3. cxd5 Qxd5 4. Nc3 Qb7 5. e4 e6 6. Qc2 Nc6 7. Nf3 Be7 8. Bd3
Nb4 9. Qe2 f6 10. Bb1 Nh6 11. a3 Na6 12. Bxh6 gxh6 13. Nh4 Rg8 14. Qh5+ Kd8 15.
Qxh6 c5 16. d5 Bd6 17. Qxf6+ Qe7 18. Qxe7+ Bxe7 19. g3 Bxh4 20. gxh4 exd5 21.
Nxd5 Rf8 22. Bc2 Nc7 23. O-O-O Nb5 24. Nxb6+ Kc7 25. Nxa8+ Kb7 26. Ba4 a6 27.
Bxb5 axb5 28. Rd2 Kxa8 29. Rg1 b4 30. axb4 cxb4 31. Rg7 h5 32. Kc2 Be6 33. Re7
Bg4 34. Kb3 Rb8 35. f4 Rb7 36. Rd8+ Ka7 37. Rxb7+ Kxb7 38. Kxb4 Kc7 39. Rd4 Bd7
40. e5 Kd8 41. e6 1-0

[Event "Challenge"]
[Site "http://www.queenalice.com/game.php?id=871462"]
[Date "2010.12.13"]
[Round "-"]
[White "Andrei_78"]
[Black "phako"]
[Result "0-1"]
[WhiteElo "1642"]
[BlackElo "1712"]

1. e4 e5 2. Nf3 Bd6 3. Nc3 Nf6 4. h3 O-O 5. Bd3 Nc6 6. a3 a6 7. O-O h6 8. b4 b5
9. Be2 Qe8 10. d3 Bb7 11. Nh2 h5 12. Bg5 Qe6 13. Bxf6 Qxf6 14. Nd5 Qg6 15. Bxh5
Qg5 16. Bg4 Nd4 17. c3 f5 18. Ne3 fxg4 19. Nhxg4 Ne6 20. Qb3 g6 21. Nd5 Kh8 22.
Nde3 Nf4 23. Qc2 c5 24. Qd1 Kg7 25. bxc5 Bxc5 26. d4 exd4 27. cxd4 Ba7 28. f3 d5
29. e5 Bxd4 30. Rb1 Bxe3+ 31. Nxe3 d4 32. Qxd4 Ne2+ 33. Kh1 Nxd4 34. Rfe1 Nf5
35. Nxf5+ Rxf5 36. e6 Re8 37. Rb4 Qd2 38. Rbb1 Rxf3 39. gxf3 Bxf3+ 0-1

[Event "Challenge"]
[Site "http://www.queenalice.com/game.php?id=880300"]
[Date "2011.1.3"]
[Round "-"]
[White "tatianamilu"]
[Black "phako"]
[Result "0-1"]
[WhiteElo "1876"]
[BlackElo "1787"]

1. d4 d5 2. c3 Nf6 3. Nf3 h6 4. e3 Nc6 5. Nbd2 a6 6. Bd3 e6 7. Qe2 Bd6 8. e4
dxe4 9. Nxe4 Nxe4 10. Qxe4 f5 11. Qe2 O-O 12. O-O Qe7 13. h3 e5 14. dxe5 Bxe5
15. Re1 Re8 16. Qc2 g6 17. Bxh6 Qc5 18. Re2 Bd7 19. Ng5 Nd8 20. Nf3 Nf7 21. Bg5
Nxg5 22. Nxg5 Qd5 23. b3 b5 24. Rd1 Qc6 25. c4 Kg7 26. Rde1 Bf6 27. Nf3 Qd6 28.
Rxe8 Bxe8 29. Rxe8 Rxe8 30. cxb5 a5 31. a4 Rd8 32. Bc4 Qd1+ 33. Qxd1 Rxd1+ 34.
Kh2 Be7 35. g4 fxg4 36. hxg4 Kf6 37. Kg2 g5 38. Ng1 Ke5 39. Ne2 Rd8 40. Nc3 Kd4
41. Ne2+ Kc5 42. Nc3 Kd4 43. Ne2+ Kc5 44. Nc3 Kd4 45. Ne2+ Ke5 46. Nc3 Bc5 47.
Ne2 Ke4 48. Nc3+ Kf4 49. Ne2+ Kxg4 50. Be6+ Kh4 51. Bc4 Rd2 52. Kf1 Kh3 53. Ng1+
Kg4 54. Be2+ Kf4 55. Nh3+ Kf5 56. Ng1 Rb2 57. Bd3+ Kf6 58. Ne2 Rxb3 59. Nc1 Ra3
60. Ke2 Rxa4 61. f3 Bb6 62. Kd2 Ke5 63. Be4 Kf4 64. Ne2+ Ke5 65. Kd3 Ra3+ 66.
Kc4 g4 67. Nc3 Rxc3+ 68. Kxc3 g3 69. Bc6 Kf4 0-1

[Event "Challenge"]
[Site "http://www.queenalice.com/game.php?id=880758"]
[Date "2011.1.3"]
[Round "-"]
[White "phako"]
[Black "piemme"]
[Result "1-0"]
[WhiteElo "1757"]
[BlackElo "1651"]

1. d4 d5 2. Nf3 Nf6 3. Nc3 Bg4 4. h3 Bxf3 5. exf3 e6 6. a3 Be7 7. Bd3 c5 8. dxc5
Bxc5 9. b4 Bd4 10. Bb2 Qb6 11. Qe2 O-O 12. Na4 Bxf2+ 13. Qxf2 Qxf2+ 14. Kxf2
Nbd7 15. Rhe1 a6 16. Bd4 b5 17. Nc5 Nb6 18. Nxe6 fxe6 19. Bxb6 Rab8 20. Bd4 Rbc8
21. Rxe6 h6 22. a4 Kf7 23. Rxa6 Kg8 24. axb5 Rb8 25. b6 Nd7 26. Bg6 Rf4 27. c3
Nf6 28. Ra7 Ne4+ 29. Ke3 Rff8 30. fxe4 dxe4 31. Kxe4 Rfd8 32. R1a6 Rd6 33. Be5
Re6 34. Bf7+ Kf8 35. Bxe6 Re8 36. b7 g5 37. Ra8 Rxa8 38. bxa8=Q+ Ke7 39. Qb7+
Kf8 40. Qf7# 1-0

[Event "bubu"]
[Site "http://www.queenalice.com/game.php?id=882614"]
[Date "2011.1.7"]
[Round "-"]
[White "phako"]
[Black "bubu52"]
[Result "1-0"]
[WhiteElo "1737"]
[BlackElo "1807"]

1. d4 d5 2. Nf3 Bf5 3. e3 e6 4. Bd3 Bb4+ 5. c3 Bd6 6. Bxf5 exf5 7. O-O Nf6 8.
Qb3 b6 9. c4 c6 10. Qc2 Ne4 11. cxd5 cxd5 12. Qc6+ Nd7 13. Qxd5 g6 14. Nc3 Ndf6
15. Qc6+ Nd7 16. Nxe4 fxe4 17. Ne5 Bxe5 18. dxe5 Rc8 19. Qxe4 O-O 20. b4 b5 21.
Rd1 Qe7 22. f4 Nf6 23. Qf3 Nh5 24. a3 Rc2 25. e4 f5 26. exf5 Rxf5 27. Qa8+ Kg7
28. Qe4 Rc4 29. Rd4 Rxd4 30. Qxd4 Qf8 31. g3 Kg8 32. Qd5+ Rf7 33. g4 Qc8 34. e6
Rxf4 35. gxh5 Rf5 36. Qe4 Qc3 37. e7 Re5 38. Qa8+ Kf7 39. Qf8+ 1-0

[Event "Challenge"]
[Site "http://www.queenalice.com/game.php?id=892592"]
[Date "2011.1.28"]
[Round "-"]
[White "toldowisky"]
[Black "phako"]
[Result "0-1"]
[WhiteElo "1523"]
[BlackElo "1728"]

1. d4 b6 2. c4 Bb7 3. Nc3 e6 4. e4 Bb4 5. Qd3 Bxc3+ 6. bxc3 Nf6 7. Bg5 Bxe4 8.
Bxf6 Bxd3 9. Bxd8 Bxf1 10. Bxc7 Bxg2 0-1

[Event "Let's Play Chess!"]
[Site "http://www.queenalice.com/game.php?id=1506020"]
[Date "2017.11.29"]
[Round "-"]
[White "paolop69"]
[Black "phako"]
[Result "0-1"]
[WhiteElo "1710"]
[BlackElo "1809"]

1. e4 e5 2. Bc4 Nf6 3. d3 c6 4. h3 b5 5. Bb3 d5 6. c3 d4 7. c4 Ba6 8. Nd2 Nbd7
9. Ngf3 h6 10. Nb1 g5 11. g4 Rb8 12. Na3 Bb4+ 13. Bd2 Bxd2+ 14. Nxd2 O-O 15. f3
b4 16. Nc2 Nc5 17. Qe2 Qd7 18. Nf1 Rb6 19. a4 Nxb3 20. Ra2 Nc1 21. Qd2 Nxa2 22.
b3 c5 23. Kf2 Nc3 24. Ng3 Nxa4 25. bxa4 b3 26. a5 Rbb8 27. Na3 Qa4 28. Nb5 Bxb5
29. cxb5 Rxb5 30. Nf5 b2 31. Nxh6+ Kh7 32. Nf5 b1=Q 33. Rxb1 Rxb1 34. Ke2 Rfb8
35. Kf2 R8b2 0-1